| 000 -LEADER |
| fixed length control field |
01616nam a22003137a 4500 |
| 008 - FIXED-LENGTH DATA ELEMENTS--GENERAL INFORMATION |
| fixed length control field |
250528b xxu||||| |||| 00| 0 eng d |
| 082 ## - DEWEY DECIMAL CLASSIFICATION NUMBER |
| Classification number |
791.4372 |
| Item number |
Aq33 |
| 245 ## - TITLE STATEMENT |
| Title |
Aquaman and the lost kingdom / directed, story and produced by James Wan ; produced by Peter Safran, Rob Cowan. |
| 260 ## - PUBLICATION, DISTRIBUTION, ETC. (IMPRINT) |
| Place of publication, distribution, etc |
United States : |
| Name of publisher, distributor, etc |
Warner Bros. Pictures, |
| Date of publication, distribution, etc |
2023. |
| 300 ## - PHYSICAL DESCRIPTION |
| Extent |
1 videofile, (ca. 124 mins.) : |
| Other physical details |
sound, color. |
| 520 ## - SUMMARY, ETC. |
| Summary, etc |
Having failed to defeat Aquaman the first time, Black Manta, still driven by the need to avenge his father's death, will stop at nothing to take Aquaman down once and for all. This time Black Manta is more formidable than ever before, wielding the power of the mythic Black Trident, which unleashes an ancient and malevolent force. To defeat him, Aquaman will turn to his imprisoned brother Orm, the former King of Atlantis, to forge an unlikely alliance. Together, they must set aside their differences in order to protect their kingdom and save Aquaman's family, and the world, from irreversible destruction. |
| 546 ## - LANGUAGE NOTE |
| Language note |
In English subtitle. |
| 650 ## - SUBJECT ADDED ENTRY--TOPICAL TERM |
| Topical term or geographic name as entry element |
Action. |
| 650 ## - SUBJECT ADDED ENTRY--TOPICAL TERM |
| Topical term or geographic name as entry element |
Adventure. |
| 650 ## - SUBJECT ADDED ENTRY--TOPICAL TERM |
| Topical term or geographic name as entry element |
Fantasy. |
| 650 ## - SUBJECT ADDED ENTRY--TOPICAL TERM |
| Topical term or geographic name as entry element |
Sci-Fi. |
| 700 ## - ADDED ENTRY--PERSONAL NAME |
| Personal name |
Momoa, Jason, star. |
| 700 ## - ADDED ENTRY--PERSONAL NAME |
| Personal name |
Wilson, Patrick, star. |
| 700 ## - ADDED ENTRY--PERSONAL NAME |
| Personal name |
Heard, Amber, star. |
| 700 ## - ADDED ENTRY--PERSONAL NAME |
| Personal name |
Abdul-Mateen II, Yahha, star. |
| 700 ## - ADDED ENTRY--PERSONAL NAME |
| Personal name |
Park, Randall, star. |
| 700 ## - ADDED ENTRY--PERSONAL NAME |
| Personal name |
Lundgren, Dolph, star. |
| 700 ## - ADDED ENTRY--PERSONAL NAME |
| Personal name |
Morrison, Temuera, star. |
| 700 ## - ADDED ENTRY--PERSONAL NAME |
| Personal name |
Short, Martin, star. |
| 700 ## - ADDED ENTRY--PERSONAL NAME |
| Personal name |
Kidman, Nicole, star. |
| 700 ## - ADDED ENTRY--PERSONAL NAME |
| Personal name |
Burgess, Don, cinematographer. |
| 700 ## - ADDED ENTRY--PERSONAL NAME |
| Personal name |
Morri, Kirk, editor. |
| 942 ## - ADDED ENTRY ELEMENTS (KOHA) |
| Source of classification or shelving scheme |
|
| Item type |
Audio-Visual Materials |